[Event "FIDE World Cup 2025"]
[Site "Goa, India"]
[Date "2025.11.01"]
[Round "1.33"]
[White "Samadov, Read"]
[Black "Lodici, Lorenzo"]
[Result "0-1"]
[TimeControl ": 90 minutes for the first 40 moves, followed by 30 minutes for the rest of the gamewith an increment of 30 seconds per move starting from move 1"]
[WhiteFideId "13417444"]
[BlackFideId "884189"]
[WhiteElo "2523"]
[BlackElo "2560"]

1. d4 {[%clk 01:30:55]} {[%emt 00:00:04]} Nf6 {[%clk 01:30:33]} {[%emt
00:00:27]} 2. c4 {[%clk 01:31:18]} {[%emt 00:00:07]} e6 {[%clk 01:30:57]}
{[%emt 00:00:06]} 3. Nf3 {[%clk 01:31:43]} {[%emt 00:00:05]} d5 {[%clk
01:31:21]} {[%emt 00:00:06]} 4. Nc3 {[%clk 01:32:03]} {[%emt 00:00:10]} Nbd7
{[%clk 01:31:45]} {[%emt 00:00:06]} 5. cxd5 {[%clk 01:29:43]} {[%emt 00:02:51]}
exd5 {[%clk 01:31:54]} {[%emt 00:00:21]} 6. Bg5 {[%clk 01:29:28]} {[%emt
00:00:45]} c6 {[%clk 01:31:25]} {[%emt 00:01:00]} 7. Qc2 {[%clk 01:25:52]}
{[%emt 00:04:06]} Be7 {[%clk 01:28:40]} {[%emt 00:03:15]} 8. e3 {[%clk
01:26:01]} {[%emt 00:00:21]} Nh5 {[%clk 01:29:03]} {[%emt 00:00:07]} 9. Bxe7
{[%clk 01:23:27]} {[%emt 00:03:04]} Qxe7 {[%clk 01:29:28]} {[%emt 00:00:06]} 10.
Be2 {[%clk 01:22:43]} {[%emt 00:01:13]} g6 {[%clk 01:24:48]} {[%emt 00:05:09]}
11. O-O {[%clk 01:20:31]} {[%emt 00:02:43]} O-O {[%clk 01:25:12]} {[%emt
00:00:07]} 12. Rfe1 {[%clk 01:17:36]} {[%emt 00:03:24]} Ndf6 {[%clk 01:18:04]}
{[%emt 00:07:38]} 13. Nd2 {[%clk 01:11:11]} {[%emt 00:06:55]} Bf5 {[%clk
01:08:48]} {[%emt 00:09:46]} 14. Qb3 {[%clk 01:09:13]} {[%emt 00:02:28]} Ng7
{[%clk 01:08:13]} {[%emt 00:01:05]} 15. Na4 {[%clk 01:04:39]} {[%emt 00:05:04]}
Ne6 {[%clk 01:05:12]} {[%emt 00:03:31]} 16. Rac1 {[%clk 01:02:11]} {[%emt
00:02:58]} h5 {[%clk 01:01:17]} {[%emt 00:04:25]} 17. Nc5 {[%clk 00:59:32]}
{[%emt 00:03:09]} Nxc5 {[%clk 01:01:15]} {[%emt 00:00:33]} 18. Rxc5 {[%clk
00:59:44]} {[%emt 00:00:18]} Kh7 {[%clk 00:56:56]} {[%emt 00:04:49]} 19. Qa3
{[%clk 00:53:03]} {[%emt 00:07:11]} a5 {[%clk 00:47:08]} {[%emt 00:10:18]} 20.
Rec1 {[%clk 00:44:25]} {[%emt 00:09:07]} Qd8 {[%clk 00:45:03]} {[%emt
00:02:35]} 21. Bd3 {[%clk 00:35:29]} {[%emt 00:09:26]} Bxd3 {[%clk 00:43:47]}
{[%emt 00:01:47]} 22. Qxd3 {[%clk 00:35:57]} {[%emt 00:00:01]} Re8 {[%clk
00:43:41]} {[%emt 00:00:36]} 23. h3 {[%clk 00:32:01]} {[%emt 00:04:26]} Kg7
{[%clk 00:40:46]} {[%emt 00:03:25]} 24. a4 {[%clk 00:26:57]} {[%emt 00:05:34]}
Re7 {[%clk 00:35:24]} {[%emt 00:05:52]} 25. Rb1 {[%clk 00:24:57]} {[%emt
00:02:29]} Nd7 {[%clk 00:32:09]} {[%emt 00:03:45]} 26. Rcc1 {[%clk 00:22:04]}
{[%emt 00:03:23]} Nb6 {[%clk 00:31:30]} {[%emt 00:01:10]} 27. Qa3 {[%clk
00:19:28]} {[%emt 00:03:05]} Nc8 {[%clk 00:31:20]} {[%emt 00:00:41]} 28. Rc5
{[%clk 00:18:18]} {[%emt 00:01:40]} Nd6 {[%clk 00:30:58]} {[%emt 00:00:52]} 29.
Qc3 {[%clk 00:16:11]} {[%emt 00:02:35]} g5 {[%clk 00:29:08]} {[%emt 00:02:22]}
30. f3 {[%clk 00:14:31]} {[%emt 00:02:10]} f5 {[%clk 00:22:34]} {[%emt
00:07:05]} 31. Re1 {[%clk 00:14:14]} {[%emt 00:00:47]} Qe8 {[%clk 00:17:47]}
{[%emt 00:05:17]} 32. Nf1 {[%clk 00:11:06]} {[%emt 00:03:37]} Qg6 {[%clk
00:15:54]} {[%emt 00:02:23]} 33. Rxa5 {[%clk 00:10:25]} {[%emt 00:01:12]} Rae8
{[%clk 00:16:23]} {[%emt 00:00:01]} 34. Nd2 {[%clk 00:07:07]} {[%emt 00:03:48]}
g4 {[%clk 00:14:18]} {[%emt 00:02:35]} 35. hxg4 {[%clk 00:06:34]} {[%emt
00:01:03]} hxg4 {[%clk 00:13:48]} {[%emt 00:01:01]} 36. fxg4 {[%clk 00:03:59]}
{[%emt 00:03:05]} fxg4 {[%clk 00:11:21]} {[%emt 00:02:56]} 37. e4 {[%clk
00:02:41]} {[%emt 00:01:48]} Nxe4 {[%clk 00:10:49]} {[%emt 00:01:03]} 38. Nxe4
{[%clk 00:02:59]} {[%emt 00:00:12]} Rxe4 {[%clk 00:11:13]} {[%emt 00:00:05]} 39.
Rxe4 {[%clk 00:02:29]} {[%emt 00:01:00]} Qxe4 {[%clk 00:11:36]} {[%emt
00:00:07]} 40. Ra7 {[%clk 00:00:49]} {[%emt 00:02:10]} Re7 {[%clk 00:09:10]}
{[%emt 00:02:56]} 41. Qd2 {[%clk 00:24:34]} {[%emt 00:06:44]} Kg6 {[%clk
00:33:31]} {[%emt 00:06:10]} 42. Kh2 {[%clk 00:20:02]} {[%emt 00:05:01]} Kh5
{[%clk 00:16:11]} {[%emt 00:17:51]} 43. Kg3 {[%clk 00:13:57]} {[%emt 00:06:35]}
Qe6 {[%clk 00:14:30]} {[%emt 00:02:11]} 44. Ra8 {[%clk 00:08:51]} {[%emt
00:05:37]} Qd6+ {[%clk 00:14:29]} {[%emt 00:00:30]} 45. Kf2 {[%clk 00:09:16]}
{[%emt 00:00:05]} Qf6+ {[%clk 00:12:14]} {[%emt 00:02:45]} 46. Kg1 {[%clk
00:09:41]} {[%emt 00:00:04]} g3 {[%clk 00:08:31]} {[%emt 00:04:14]} 47. Qd1+
{[%clk 00:09:10]} {[%emt 00:01:01]} Kh6 {[%clk 00:08:51]} {[%emt 00:00:10]} 48.
Qd2+ {[%clk 00:06:20]} {[%emt 00:03:20]} Kg7 {[%clk 00:08:16]} {[%emt
00:01:04]} 49. Rb8 {[%clk 00:05:40]} {[%emt 00:01:11]} Qh4 {[%clk 00:08:31]}
{[%emt 00:00:14]} 0-1

[Event "FIDE World Cup 2025"]
[Site "Goa, India"]
[Date "2025.11.01"]
[Round "1.34"]
[White "Kantor, Gergely"]
[Black "Rodrigue-Lemieux, Shawn"]
[Result "1-0"]
[TimeControl ": 90 minutes for the first 40 moves, followed by 30 minutes for the rest of the gamewith an increment of 30 seconds per move starting from move 1"]
[WhiteFideId "751499"]
[BlackFideId "2620049"]
[WhiteElo "2559"]
[BlackElo "2524"]

1. e4 {[%clk 01:28:23]} {[%emt 00:02:36]} c6 {[%clk 01:30:51]} {[%emt
00:00:09]} 2. d4 {[%clk 01:28:46]} {[%emt 00:00:08]} d5 {[%clk 01:31:13]}
{[%emt 00:00:07]} 3. e5 {[%clk 01:29:10]} {[%emt 00:00:07]} c5 {[%clk
01:31:35]} {[%emt 00:00:07]} 4. Nf3 {[%clk 01:28:52]} {[%emt 00:00:49]} cxd4
{[%clk 01:31:56]} {[%emt 00:00:09]} 5. Qxd4 {[%clk 01:29:16]} {[%emt 00:00:06]}
Nc6 {[%clk 01:32:15]} {[%emt 00:00:11]} 6. Qf4 {[%clk 01:27:09]} {[%emt
00:02:37]} f6 {[%clk 01:32:37]} {[%emt 00:00:08]} 7. Nc3 {[%clk 01:25:14]}
{[%emt 00:02:26]} a6 {[%clk 01:32:14]} {[%emt 00:00:52]} 8. Qg3 {[%clk
01:22:38]} {[%emt 00:03:06]} fxe5 {[%clk 01:30:45]} {[%emt 00:01:59]} 9. Nxe5
{[%clk 01:22:42]} {[%emt 00:00:26]} Nf6 {[%clk 01:31:00]} {[%emt 00:00:14]} 10.
Be2 {[%clk 01:15:45]} {[%emt 00:07:28]} Bf5 {[%clk 01:30:40]} {[%emt 00:00:47]}
11. Bf4 {[%clk 01:13:34]} {[%emt 00:02:44]} e6 {[%clk 01:01:19]} {[%emt
00:29:51]} 12. O-O {[%clk 01:11:07]} {[%emt 00:02:58]} g6 {[%clk 00:38:11]}
{[%emt 00:23:38]} 13. Rad1 {[%clk 00:43:08]} {[%emt 00:28:29]} Bg7 {[%clk
00:28:19]} {[%emt 00:10:21]} 14. Nc4 {[%clk 00:28:04]} {[%emt 00:15:36]} O-O
{[%clk 00:28:40]} {[%emt 00:00:09]} 15. Bc7 {[%clk 00:25:10]} {[%emt 00:03:24]}
Qe8 {[%clk 00:26:53]} {[%emt 00:02:17]} 16. Nd6 {[%clk 00:22:44]} {[%emt
00:02:57]} Qd7 {[%clk 00:26:23]} {[%emt 00:00:59]} 17. Nxf5 {[%clk 00:23:09]}
{[%emt 00:00:05]} gxf5 {[%clk 00:26:32]} {[%emt 00:00:21]} 18. Bb6 {[%clk
00:22:06]} {[%emt 00:01:34]} Rac8 {[%clk 00:21:53]} {[%emt 00:05:09]} 19. Na4
{[%clk 00:18:27]} {[%emt 00:04:10]} Na5 {[%clk 00:12:31]} {[%emt 00:09:52]} 20.
b3 {[%clk 00:15:09]} {[%emt 00:03:48]} Ne4 {[%clk 00:12:54]} {[%emt 00:00:06]}
21. Qe3 {[%clk 00:14:05]} {[%emt 00:01:34]} Nc6 {[%clk 00:10:44]} {[%emt
00:02:39]} 22. f3 {[%clk 00:09:08]} {[%emt 00:05:28]} Nd6 {[%clk 00:11:05]}
{[%emt 00:00:06]} 23. c4 {[%clk 00:08:43]} {[%emt 00:00:57]} f4 {[%clk
00:05:53]} {[%emt 00:05:42]} 24. Qd2 {[%clk 00:07:59]} {[%emt 00:01:15]} d4
{[%clk 00:06:08]} {[%emt 00:00:15]} 25. Bd3 {[%clk 00:06:01]} {[%emt 00:02:28]}
Ne7 {[%emt 00:04:10]} 26. Rfe1 {[%clk 00:05:29]} {[%emt 00:01:01]} e5 {[%clk
00:02:29]} {[%emt 00:00:28]} 27. Bc5 {[%clk 00:04:37]} {[%emt 00:01:22]} Rc6
{[%clk 00:01:38]} {[%emt 00:01:21]} 28. b4 {[%clk 00:02:35]} {[%emt 00:02:32]}
Qc7 {[%clk 00:00:50]} {[%emt 00:01:18]} 29. Qe2 {[%emt 00:01:33]} Rd8 {[%clk
00:00:36]} 30. Bb6 {[%clk 00:01:39]} {[%emt 00:01:07]} Rxb6 {[%emt 00:00:06]}
31. Nxb6 {[%clk 00:02:06]} Qxb6 {[%clk 00:00:57]} {[%emt 00:00:35]} 32. c5
{[%clk 00:02:35]} {[%emt 00:00:01]} Qxb4 {[%clk 00:01:15]} {[%emt 00:00:12]} 33.
cxd6 {[%clk 00:03:03]} {[%emt 00:00:03]} Qxd6 {[%clk 00:01:23]} {[%emt
00:00:21]} 34. Qe4 {[%clk 00:03:29]} {[%emt 00:00:04]} b5 {[%clk 00:01:04]}
{[%emt 00:00:49]} 35. Qxh7+ {[%clk 00:03:20]} {[%emt 00:00:38]} Kf8 {[%clk
00:01:13]} {[%emt 00:00:20]} 36. Rc1 {[%clk 00:01:51]} {[%emt 00:02:00]} Nd5
{[%clk 00:01:00]} {[%emt 00:00:43]} 37. Qf5+ {[%clk 00:02:00]} {[%emt
00:00:22]} Ke7 {[%clk 00:00:56]} {[%emt 00:00:34]} 38. Qh7 {[%clk 00:01:40]}
{[%emt 00:00:50]} Kf8 {[%clk 00:00:43]} {[%emt 00:00:43]} 39. Qf5+ {[%clk
00:00:44]} {[%emt 00:01:26]} Ke7 {[%clk 00:01:11]} {[%emt 00:00:01]} 40. g3
{[%clk 00:00:37]} {[%emt 00:00:37]} Ne3 {[%clk 00:00:44]} {[%emt 00:00:57]} 41.
Qh7 {[%clk 00:25:16]} {[%emt 00:05:51]} Kf7 {[%clk 00:28:41]} {[%emt 00:02:33]}
42. Qh5+ {[%clk 00:21:54]} {[%emt 00:03:52]} Ke7 {[%clk 00:28:01]} {[%emt
00:01:09]} 43. gxf4 {[%clk 00:18:57]} {[%emt 00:03:29]} Rh8 {[%clk 00:17:05]}
{[%emt 00:11:26]} 44. Qg5+ {[%clk 00:09:10]} {[%emt 00:10:17]} Bf6 {[%clk
00:17:06]} {[%emt 00:00:28]} 45. Qg6 {[%clk 00:08:58]} {[%emt 00:00:43]} exf4
{[%clk 00:01:40]} {[%emt 00:15:56]} 46. Kh1 {[%clk 00:08:35]} {[%emt 00:00:53]}
Be5 {[%clk 00:00:38]} {[%emt 00:01:32]} 47. Rg1 {[%clk 00:07:41]} {[%emt
00:01:24]} Qxg6 {[%clk 00:01:02]} {[%emt 00:00:06]} 48. Rxg6 {[%clk 00:08:07]}
{[%emt 00:00:03]} Rh3 {[%clk 00:01:03]} {[%emt 00:00:29]} 49. Rcc6 {[%clk
00:06:43]} {[%emt 00:01:56]} Kf7 {[%clk 00:00:32]} {[%emt 00:01:01]} 50. Rxa6
{[%clk 00:06:39]} {[%emt 00:00:34]} Rxf3 {[%clk 00:00:41]} {[%emt 00:00:21]} 51.
Ra7+ {[%clk 00:07:02]} {[%emt 00:00:07]} Kf8 {[%clk 00:01:08]} {[%emt
00:00:02]} 52. Rc6 {[%clk 00:07:11]} {[%emt 00:00:21]} 1-0

[Event "FIDE World Cup 2025"]
[Site "Goa, India"]
[Date "2025.11.01"]
[Round "1.35"]
[White "Makhnev, Denis"]
[Black "Flores, Diego"]
[Result "1-0"]
[TimeControl ": 90 minutes for the first 40 moves, followed by 30 minutes for the rest of the gamewith an increment of 30 seconds per move starting from move 1"]
[WhiteFideId "13707647"]
[BlackFideId "108049"]
[WhiteElo "2525"]
[BlackElo "2558"]

1. e4 {[%clk 01:30:55]} {[%emt 00:00:04]} c6 {[%clk 01:30:19]} {[%emt
00:00:41]} 2. Nf3 {[%clk 01:30:33]} {[%emt 00:00:52]} d5 {[%clk 01:30:15]}
{[%emt 00:00:34]} 3. Nc3 {[%clk 01:29:06]} {[%emt 00:01:57]} Bg4 {[%clk
01:29:59]} {[%emt 00:00:45]} 4. h3 {[%clk 01:29:18]} {[%emt 00:00:18]} Bxf3
{[%clk 01:30:08]} {[%emt 00:00:21]} 5. Qxf3 {[%clk 01:29:40]} {[%emt 00:00:08]}
e6 {[%clk 01:30:03]} {[%emt 00:00:35]} 6. Be2 {[%clk 01:25:42]} {[%emt
00:04:29]} Bc5 {[%clk 01:25:11]} {[%emt 00:05:21]} 7. Qg3 {[%clk 01:25:45]}
{[%emt 00:00:27]} Bd4 {[%clk 01:19:59]} {[%emt 00:05:43]} 8. exd5 {[%clk
01:22:07]} {[%emt 00:04:09]} exd5 {[%clk 01:19:07]} {[%emt 00:01:21]} 9. O-O
{[%clk 01:22:28]} {[%emt 00:00:09]} Ne7 {[%clk 01:18:57]} {[%emt 00:00:40]} 10.
Bd1 {[%clk 01:22:49]} {[%emt 00:00:08]} Nd7 {[%clk 01:10:04]} {[%emt 00:09:23]}
11. Ne2 {[%clk 01:20:20]} {[%emt 00:02:59]} Be5 {[%clk 01:09:14]} {[%emt
00:01:20]} 12. Qf3 {[%clk 01:19:41]} {[%emt 00:01:09]} O-O {[%clk 01:07:58]}
{[%emt 00:01:46]} 13. d4 {[%clk 01:19:34]} {[%emt 00:00:37]} Bc7 {[%clk
01:06:21]} {[%emt 00:02:07]} 14. c3 {[%clk 01:19:23]} {[%emt 00:00:42]} Ng6
{[%clk 00:58:35]} {[%emt 00:08:16]} 15. Bc2 {[%clk 01:10:15]} {[%emt 00:09:38]}
Qf6 {[%clk 00:48:21]} {[%emt 00:10:45]} 16. Qd3 {[%clk 01:07:45]} {[%emt
00:03:00]} Qd6 {[%clk 00:46:16]} {[%emt 00:02:35]} 17. Bf4 {[%clk 01:07:38]}
{[%emt 00:00:37]} Qxf4 {[%clk 00:45:09]} {[%emt 00:01:38]} 18. Nxf4 {[%clk
01:08:00]} {[%emt 00:00:09]} Bxf4 {[%clk 00:45:32]} {[%emt 00:00:06]} 19. h4
{[%clk 01:03:48]} {[%emt 00:04:43]} Rfd8 {[%clk 00:39:16]} {[%emt 00:06:45]} 20.
Qf3 {[%clk 00:51:04]} {[%emt 00:13:14]} Bd6 {[%clk 00:37:49]} {[%emt 00:01:57]}
21. g3 {[%clk 00:45:45]} {[%emt 00:05:49]} Ngf8 {[%clk 00:35:11]} {[%emt
00:03:08]} 22. Rfe1 {[%clk 00:45:40]} {[%emt 00:00:35]} Nf6 {[%clk 00:30:57]}
{[%emt 00:04:43]} 23. g4 {[%clk 00:40:01]} {[%emt 00:06:09]} Ne8 {[%clk
00:27:51]} {[%emt 00:03:37]} 24. Re3 {[%clk 00:38:30]} {[%emt 00:02:01]} Nc7
{[%clk 00:27:27]} {[%emt 00:00:54]} 25. Rae1 {[%clk 00:35:15]} {[%emt
00:03:45]} Nce6 {[%clk 00:26:54]} {[%emt 00:01:03]} 26. g5 {[%clk 00:35:37]}
{[%emt 00:00:08]} Rac8 {[%clk 00:22:07]} {[%emt 00:05:16]} 27. Bf5 {[%clk
00:33:30]} {[%emt 00:02:39]} Rc7 {[%clk 00:21:33]} {[%emt 00:01:03]} 28. Qg4
{[%clk 00:32:34]} {[%emt 00:01:26]} Nf4 {[%clk 00:15:02]} {[%emt 00:07:01]} 29.
Re8 {[%clk 00:30:10]} {[%emt 00:02:54]} Rxe8 {[%clk 00:15:04]} {[%emt
00:00:28]} 30. Rxe8 {[%clk 00:30:34]} {[%emt 00:00:06]} g6 {[%clk 00:14:31]}
{[%emt 00:01:03]} 31. Rd8 {[%clk 00:30:19]} {[%emt 00:00:45]} gxf5 {[%clk
00:12:49]} {[%emt 00:02:12]} 32. Qxf5 {[%clk 00:30:27]} {[%emt 00:00:22]} Be7
{[%emt 00:03:22]} 33. Rxf8+ {[%clk 00:30:38]} {[%emt 00:00:02]} Bxf8 {[%clk
00:10:38]} {[%emt 00:00:06]} 34. Qxf4 {[%clk 00:31:02]} {[%emt 00:00:06]} Re7
{[%clk 00:11:03]} {[%emt 00:00:05]} 35. Kf1 {[%clk 00:30:00]} {[%emt 00:01:32]}
b6 {[%clk 00:07:17]} {[%emt 00:04:16]} 36. h5 {[%clk 00:27:02]} {[%emt
00:03:28]} Re6 {[%clk 00:05:58]} {[%emt 00:01:50]} 37. Qc7 {[%clk 00:26:51]}
{[%emt 00:00:42]} h6 {[%clk 00:06:01]} {[%emt 00:00:26]} 38. gxh6 {[%clk
00:23:47]} {[%emt 00:03:34]} Bxh6 {[%clk 00:06:16]} {[%emt 00:00:15]} 39. a4
{[%clk 00:22:09]} {[%emt 00:02:08]} Bc1 {[%clk 00:05:28]} {[%emt 00:01:17]} 40.
Qxa7 {[%clk 00:22:34]} {[%emt 00:00:05]} Bxb2 {[%clk 00:05:22]} {[%emt
00:00:36]} 41. a5 {[%clk 00:22:44]} {[%emt 00:00:21]} Bxc3 {[%clk 00:04:45]}
{[%emt 00:01:07]} 42. Qb8+ {[%clk 00:22:51]} {[%emt 00:00:23]} Kh7 {[%clk
00:04:22]} {[%emt 00:00:52]} 43. a6 {[%clk 00:23:04]} {[%emt 00:00:17]} 1-0

[Event "FIDE World Cup 2025"]
[Site "Goa, India"]
[Date "2025.11.01"]
[Round "1.36"]
[White "Piorun, Kacper"]
[Black "Lobanov, Sergei"]
[Result "1/2-1/2"]
[TimeControl ": 90 minutes for the first 40 moves, followed by 30 minutes for the rest of the gamewith an increment of 30 seconds per move starting from move 1"]
[WhiteFideId "1130420"]
[BlackFideId "24183750"]
[WhiteElo "2557"]
[BlackElo "2526"]

1. e4 {[%clk 01:30:58]} {[%emt 00:00:01]} e5 {[%clk 01:30:55]} {[%emt
00:00:06]} 2. Nf3 {[%clk 01:31:23]} {[%emt 00:00:05]} Nc6 {[%clk 01:31:19]}
{[%emt 00:00:06]} 3. Nc3 {[%clk 01:31:28]} {[%emt 00:00:25]} Nf6 {[%clk
01:31:40]} {[%emt 00:00:09]} 4. h3 {[%clk 01:31:54]} {[%emt 00:00:04]} Bb4
{[%clk 01:31:01]} {[%emt 00:01:10]} 5. Bd3 {[%clk 01:32:17]} {[%emt 00:00:06]}
Bc5 {[%clk 01:25:12]} {[%emt 00:06:19]} 6. a3 {[%clk 01:27:20]} {[%emt
00:05:27]} a6 {[%clk 01:24:42]} {[%emt 00:01:00]} 7. b4 {[%clk 01:23:51]}
{[%emt 00:03:58]} Ba7 {[%clk 01:25:03]} {[%emt 00:00:09]} 8. Nd5 {[%clk
01:09:42]} {[%emt 00:14:39]} d6 {[%clk 01:17:50]} {[%emt 00:07:43]} 9. c4
{[%clk 01:09:37]} {[%emt 00:00:35]} Nxd5 {[%clk 01:12:03]} {[%emt 00:06:17]} 10.
exd5 {[%clk 01:04:25]} {[%emt 00:05:42]} Ne7 {[%clk 01:07:17]} {[%emt
00:05:16]} 11. Bc2 {[%clk 01:02:21]} {[%emt 00:02:34]} Nf5 {[%clk 00:50:58]}
{[%emt 00:16:50]} 12. Bb2 {[%clk 00:57:41]} {[%emt 00:05:09]} O-O {[%clk
00:51:07]} {[%emt 00:00:21]} 13. O-O {[%clk 00:54:25]} {[%emt 00:03:45]} Nh4
{[%clk 00:38:54]} {[%emt 00:12:43]} 14. c5 {[%clk 00:47:58]} {[%emt 00:06:57]}
dxc5 {[%clk 00:37:39]} {[%emt 00:01:46]} 15. Nxh4 {[%clk 00:46:26]} {[%emt
00:02:01]} Qxh4 {[%clk 00:38:07]} {[%emt 00:00:01]} 16. Bxe5 {[%clk 00:46:45]}
{[%emt 00:00:11]} cxb4 {[%clk 00:33:44]} {[%emt 00:04:54]} 17. Qf3 {[%clk
00:43:45]} {[%emt 00:03:30]} Bd7 {[%clk 00:29:08]} {[%emt 00:05:06]} 18. Rae1
{[%clk 00:33:47]} {[%emt 00:10:27]} Rae8 {[%emt 00:06:56]} 19. Re4 {[%clk
00:30:54]} Qg5 {[%clk 00:20:18]} {[%emt 00:06:18]} 20. Bf4 {[%clk 00:30:48]}
{[%emt 00:00:36]} Qf6 {[%clk 00:17:36]} {[%emt 00:03:12]} 21. Rxb4 {[%clk
00:30:39]} {[%emt 00:00:39]} Bc5 {[%clk 00:11:08]} {[%emt 00:06:58]} 22. Rxb7
{[%clk 00:21:32]} {[%emt 00:09:36]} Bb5 {[%clk 00:09:40]} {[%emt 00:01:58]} 23.
Rb1 {[%clk 00:15:29]} {[%emt 00:06:33]} Re2 {[%clk 00:04:02]} {[%emt 00:06:09]}
24. Be3 {[%clk 00:10:55]} {[%emt 00:05:03]} Qxf3 {[%clk 00:04:12]} {[%emt
00:00:21]} 25. gxf3 {[%clk 00:11:21]} {[%emt 00:00:03]} Bxe3 {[%clk 00:04:25]}
{[%emt 00:00:17]} 26. fxe3 {[%clk 00:11:47]} {[%emt 00:00:03]} Rxd2 {[%clk
00:04:52]} {[%emt 00:00:03]} 27. Rxc7 {[%clk 00:11:38]} {[%emt 00:00:39]} Rxd5
{[%clk 00:05:16]} {[%emt 00:00:07]} 28. Rd1 {[%clk 00:11:54]} {[%emt 00:00:13]}
Rxd1+ {[%clk 00:02:16]} {[%emt 00:03:31]} 29. Bxd1 {[%clk 00:12:22]} {[%emt
00:00:01]} Rd8 {[%clk 00:02:19]} {[%emt 00:00:27]} 30. Bb3 {[%clk 00:12:11]}
{[%emt 00:00:41]} Be8 {[%clk 00:02:46]} {[%emt 00:00:04]} 31. e4 {[%clk
00:08:57]} {[%emt 00:03:44]} Kf8 {[%clk 00:03:06]} {[%emt 00:00:11]} 32. Bd5
{[%clk 00:09:14]} {[%emt 00:00:13]} Rd6 {[%clk 00:02:33]} {[%emt 00:01:03]} 33.
Kf2 {[%clk 00:08:32]} {[%emt 00:01:12]} Rh6 {[%clk 00:01:57]} {[%emt 00:01:06]}
34. Ra7 {[%clk 00:07:54]} {[%emt 00:01:07]} g5 {[%clk 00:01:39]} {[%emt
00:00:49]} 35. Kg3 {[%clk 00:07:11]} {[%emt 00:01:13]} Rf6 {[%clk 00:02:08]}
{[%emt 00:00:01]} 36. Bc4 {[%clk 00:06:35]} {[%emt 00:01:06]} Bb5 {[%clk
00:02:33]} {[%emt 00:00:06]} 37. Bxb5 {[%clk 00:06:41]} {[%emt 00:00:24]} axb5
{[%clk 00:03:02]} {[%emt 00:00:01]} 38. Rb7 {[%clk 00:07:04]} {[%emt 00:00:07]}
Ra6 {[%clk 00:03:22]} {[%emt 00:00:10]} 39. Rxb5 {[%clk 00:07:29]} {[%emt
00:00:05]} h6 {[%clk 00:02:56]} {[%emt 00:00:56]} 40. Rb3 {[%clk 00:07:49]}
{[%emt 00:00:09]} Kg7 {[%clk 00:03:10]} {[%emt 00:00:17]} 41. Kg4 {[%clk
00:03:07]} {[%emt 00:05:11]} Kg6 {[%clk 00:02:30]} {[%emt 00:01:14]} 42. f4
{[%clk 00:03:22]} gxf4 {[%clk 00:02:06]} 43. Kxf4 {[%clk 00:30:00]} Kf6 {[%clk
00:32:06]} {[%emt 00:05:42]} 44. h4 Ra4 {[%clk 00:28:08]} {[%emt 00:01:41]} 45.
h5 Ra6 {[%emt 00:04:58]} 46. Rc3 {[%emt 00:00:42]} Ra4 {[%clk 00:26:57]} {[%emt
00:00:06]} 47. Rd3 Ke6 {[%emt 00:02:43]} 48. Rb3 {[%clk 00:28:41]} {[%emt
00:00:32]} Kf6 {[%emt 00:00:10]} 49. Rc3 {[%clk 00:28:37]} {[%emt 00:00:33]}
Ra6 {[%clk 00:27:20]} {[%emt 00:02:51]} 50. e5+ Ke6 {[%clk 00:26:00]} {[%emt
00:00:20]} 51. Rc4 {[%clk 00:27:20]} 1/2-1/2